Regionáne problémy vybraného regionu EU bakalárska práca

Uložené v:
Podrobná bibliografia
Hlavný autor: Michalová, Alena
Korporativný autor: Podnikovohospodárska fakulta EU so sídlom v Košiciach. Katedra ekonómie
Ďalší autori: Moščáková, Anna, 1987-
Médium: Kniha
Jazyk:Slovak
Vydavateľské údaje: Košice 2013
Tagy: Pridať tag
Žiadne tagy, Buďte prvý, kto otaguje tento záznam!

MARC

LEADER 00000nbm a2200000 4500
001 0172349
005 20240827092925.6
041 0 |a slo 
044 |a SK 
245 1 0 |a Regionáne problémy vybraného regionu EU  |b bakalárska práca  |c Alena Michalová ; školiteľ: Anna Moščáková 
264 1 |a Košice  |c 2013 
300 |a 58 s. 
100 1 |a Michalová, Alena 
700 1 |a Moščáková, Anna, 1987- 
710 2 |a Podnikovohospodárska fakulta EU so sídlom v Košiciach. Katedra ekonómie